🎶 Paroles "Le tourbillon" [de la vie] Jeanne Moreau - Statistiques

Statistiques générales
  • Ce quiz a Ă©tĂ© pris 164 fois
  • Le rĂ©sultat moyen est 261 sur 312
Statistiques - réponses
Mots % Correct
d'
100%
de
100%
De
100%
Ă 
99%
a
99%
est
99%
l'
99%
L'
99%
On
99%
on
99%
s'
99%
Dans
97%
dans
97%
des
97%
Des
97%
la
97%
lĂ ,
97%
le
97%
se
97%
avait
96%
Elle
96%
elle
96%
m'
96%
M'
96%
tourbillon
96%
vie
96%
Et
94%
Qui,
94%
Qui
94%
qui
94%
un
94%
chaque
93%
bagues
92%
doigt
92%
me
92%
puis
92%
Puis
92%
perdu
91%
reparti
91%
vue,
91%
vue
91%
vue ?
91%
en
89%
reconnu
89%
ai
88%
pour
88%
séparé
88%
tas
88%
Y
88%
bracelets
87%
une
87%
autour
86%
poignets
86%
retrouvé,
86%
son
86%
connu,
85%
Je
85%
je
85%
reperdu
85%
visage
84%
Chacun
83%
soi
83%
yeux,
83%
yeux
83%
avec
82%
voix
82%
chantait
81%
si
81%
pâle
79%
fait
77%
fascinaient,
76%
fascinaient
76%
fatal
76%
femme
76%
fut
76%
fatale
75%
fatale,
75%
opale
73%
Sa
73%
Ça
72%
les
72%
sitĂ´t,
72%
Ce
70%
aĂŻe,
69%
aĂŻe
69%
beau
69%
enjĂ´la
69%
bail
68%
déjà
68%
deux
68%
fameux
68%
que
66%
soir,
66%
plu
65%
tous
65%
Tous
65%
mes
64%
Quand
64%
quand
64%
ovale
63%
suis
62%
tant
62%
Alors
61%
mon
60%
plus
59%
réchauffé
59%
Pourquoi
58%
jamais
57%
revue
57%
sur
57%
bras
56%
perdre
56%
temps
56%
Aux
54%
enlacés
53%
oublier
53%
séparer ?
53%
reperdre
50%
retombée
50%
alcool
49%
baisers
49%
brûlant
48%
écoutant
48%
sourire
48%
front
47%
réveillé
46%
continué
45%
ah,
44%
sons
44%
banjos
42%
soûlé
42%
curieux
40%
émurent
40%
sentant
40%
tourner
40%
Aucun quiz correspondant
Distribution des résultats
% des personnes avec chaque résultat
Percentile par nombre de réponses
Votre historique - résultats
Vous n’avez pas pris ce quiz